| 000 | 00510nam a2200193Ia 4500 | ||
|---|---|---|---|
| 003 | OSt | ||
| 005 | 20230518114825.0 | ||
| 008 | 210423s1996 xx 000 0 und d | ||
| 040 | _cAL | ||
| 041 | _aeng | ||
| 082 |
_a307.76 _223 _bMALP |
||
| 245 | _aPolitical attitudes of slum dwellers | ||
| 260 |
_aJaipur _bAalekh Publishers _c1996 |
||
| 365 |
_b300 _cINR |
||
| 650 |
_aSociology _9108189 |
||
| 650 |
_aUrban Communities _9108190 |
||
| 906 | _aattitudes ; dwellers ; Political ; slum | ||
| 942 |
_2ddc _cBK |
||
| 999 |
_c172401 _d172401 |
||